000 00886nam a2200265 i 4500
001 181432
003 ES-MaACL
005 20231010160504.0
008 130116s1999 sp |||| | spa d
020 _a84-406-9459-8
100 1 _aDunand, Françoise.
_9152073
245 1 4 _aLas momias
_b: un viaje a la eternidad / Françoise Dunand, Roger Lichtenberg ; [traducción: Juan Vivanco Gefaell].
250 _a1ª ed.
260 _aBarcelona, [etc.] :
_bEdiciones B,
_c1999.
300 _a128 p. :
_bil. ;
_c18 cm.
490 1 _aClaves ;
_v32
504 _aBibliografía: p. 122.
650 4 _aMomias-
_zEgipto.
_9152074
700 1 _aLichtenberg, Roger.
_9152075
700 1 _aVivanco Gefaell, Juan.
_9152076
830 0 _aClaves ;
_v32
_9191462
852 _aES-MaACL
_jA-12458
_9188333
_bR.147545
_cDEPO1
_dOlim: N-5464
942 _2udc
_cMONOGRAFIA
999 _c181432
_d181432